Gas-dynamic design of an axisymmetric tunnel air inlet with isentropic compression; Journal of Applied Mechanics and Technical Physics; Vol. 56, iss. 5
| Parent link: | Journal of Applied Mechanics and Technical Physics.— , 1965- Vol. 56, iss. 5.— 2015.— [P. 831-837] |
|---|---|
| Hlavní autor: | |
| Korporativní autor: | |
| Další autoři: | , |
| Shrnutí: | Title screen A method of designing a supersonic axisymmetric tunnel air inlet based on the problem of an inverted flow in an annular nozzle with isentropic expansion is considered. The nozzle contour is constructed by the method of characteristics. Parameters of one inlet for viscous and inviscid gas flows are calculated. Режим доступа: по договору с организацией-держателем ресурса |
| Jazyk: | angličtina |
| Vydáno: |
2015
|
| Témata: | |
| On-line přístup: | http://dx.doi.org/10.1134/S0021894415050090 |
| Médium: | MixedMaterials Elektronický zdroj Kapitola |
| KOHA link: | https://koha.lib.tpu.ru/cgi-bin/koha/opac-detail.pl?biblionumber=645703 |
MARC
| LEADER | 00000nla0a2200000 4500 | ||
|---|---|---|---|
| 001 | 645703 | ||
| 005 | 20250327150049.0 | ||
| 035 | |a (RuTPU)RU\TPU\network\10794 | ||
| 090 | |a 645703 | ||
| 100 | |a 20160119d2015 k||y0rusy50 ba | ||
| 101 | 0 | |a eng | |
| 135 | |a drcn ---uucaa | ||
| 181 | 0 | |a i | |
| 182 | 0 | |a b | |
| 200 | 1 | |a Gas-dynamic design of an axisymmetric tunnel air inlet with isentropic compression |f V. M. Galkin, D. A. Vnuchkov, V. I. Zvegintsev | |
| 203 | |a Text |c electronic | ||
| 300 | |a Title screen | ||
| 320 | |a [References: p. 837 (11 tit.)] | ||
| 330 | |a A method of designing a supersonic axisymmetric tunnel air inlet based on the problem of an inverted flow in an annular nozzle with isentropic expansion is considered. The nozzle contour is constructed by the method of characteristics. Parameters of one inlet for viscous and inviscid gas flows are calculated. | ||
| 333 | |a Режим доступа: по договору с организацией-держателем ресурса | ||
| 461 | |t Journal of Applied Mechanics and Technical Physics |d 1965- | ||
| 463 | |t Vol. 56, iss. 5 |v [P. 831-837] |d 2015 | ||
| 610 | 1 | |a электронный ресурс | |
| 610 | 1 | |a труды учёных ТПУ | |
| 700 | 1 | |a Galkin |b V. M. |c Geologist |c Associate Professor of Tomsk Polytechnic University, Candidate of physical and mathematical sciences |f 1955- |g Vladislav Mikhailovich |3 (RuTPU)RU\TPU\pers\31674 | |
| 701 | 1 | |a Vnuchkov |b D. A. | |
| 701 | 1 | |a Zvegintsev |b V. I. | |
| 712 | 0 | 2 | |a Национальный исследовательский Томский политехнический университет (ТПУ) |b Институт природных ресурсов (ИПР) |b Кафедра геологии и разработки нефтяных месторождений (ГРНМ) |3 (RuTPU)RU\TPU\col\18657 |
| 801 | 2 | |a RU |b 63413507 |c 20160119 |g RCR | |
| 856 | 4 | |u http://dx.doi.org/10.1134/S0021894415050090 | |
| 942 | |c CF | ||